Kỹ thuật lập trình ứng dụng chuyên nghiệp Visual Basic.net; T2

Zapisane w:
Opis bibliograficzny
1. autor: Phạm Hữu Khang
Format: Książka
Język:Undetermined
Wydane: H. LĐXH 2002
Hasła przedmiotowe:
Etykiety: Dodaj etykietę
Nie ma etykietki, Dołącz pierwszą etykiete!
Thư viện lưu trữ: Trung tâm Học liệu Trường Đại học Cần Thơ
LEADER 00546nam a2200181Ia 4500
001 CTU_54078
008 210402s9999 xx 000 0 und d
020 |b 79000 
082 |a 005.133 
082 |b Kh106/T2 
100 |a Phạm Hữu Khang 
245 0 |a Kỹ thuật lập trình ứng dụng chuyên nghiệp Visual Basic.net; T2 
245 0 |c Phạm Hữu Khang 
260 |a H. 
260 |b LĐXH 
260 |c 2002 
650 |a basic ( computer program language ) 
980 |a Trung tâm Học liệu Trường Đại học Cần Thơ